|
|
|
|
| LEADER |
01196nam a2200313 a 4500 |
| 001 |
27229 |
| 003 |
BD-DhAAL |
| 008 |
130714s2011 enka b 001 0 eng d |
| 999 |
|
|
|c 13689
|d 13689
|
| 010 |
|
|
|a 2011003436
|
| 020 |
|
|
|a 9780749460945 (pbk.)
|
| 020 |
|
|
|a 0749460946
|
| 020 |
|
|
|a 9780749460952
|
| 020 |
|
|
|a 0749460954
|
| 040 |
|
|
|a DLC
|c DLC
|d YDX
|d BTCTA
|d YDXCP
|d CDX
|d BWX
|d OCLCQ
|d DLC
|d BD-DhAAL.
|
| 082 |
0 |
0 |
|a 658.406
|2 22
|
| 100 |
1 |
|
|a Cheung-Judge, Mee-Yan.
|9 40401
|
| 245 |
1 |
0 |
|a Organization development :
|b a practitioner's guide for OD and HR /
|c Mee-Yan Cheung-Judge and Linda Holbeche.
|
| 250 |
|
|
|a First edition
|
| 260 |
|
|
|a London ;
|a Philadelphia, PA :
|b Kogan Page,
|c 2011.
|
| 300 |
|
|
|a xv, 324 pages :
|b illustrations ;
|c 24 cm.
|
| 504 |
|
|
|a Includes bibliographical references and index.
|
| 541 |
|
|
|e 00027229
|
| 650 |
|
0 |
|a Organizational change.
|9 40402
|
| 650 |
|
0 |
|a Personnel management.
|9 40403
|
| 700 |
1 |
|
|a Holbeche, Linda.
|9 40404
|
| 852 |
1 |
|
|a Ayesha Abed Library
|j General Stacks
|
| 942 |
|
|
|2 ddc
|c BK
|
| 952 |
|
|
|0 0
|1 0
|2 ddc
|4 0
|6 658_406000000000000_CHE
|7 0
|9 22995
|a IGS
|b IGS
|c GEN
|d 2013-07-28
|e Riza Enterprise
|g 3290.00
|l 0
|o 658.406 CHE
|p 3010027229
|r 2013-07-28
|t 1
|w 2013-07-28
|y BK
|